Words by Three Hints 2 - Statistics

General Stats
  • This quiz has been taken 37 times
  • The average score is 4 of 20
Answer Stats
Hint 1 Hint 2 Hint 3 Answer % Correct
Worth Merit Appraise Value
86%
Worry Responsibility Problem Concern
43%
Element Clothes Steel Iron
33%
Bauble Christmas Bedizen Ornament
33%
Impasse Deadlock Chess Stalemate
33%
Panorama Windows Glimpse Vista
33%
Jolly Flamboyant Sapphic Gay
29%
Head Stool Recliner Chair
24%
Sort Arrange Enlist Organize
24%
Contrasting Varied Unusual Different
19%
Duty Exhaust Expense Tax
14%
Type Edition Report Version
14%
Force Severity Downwards Gravity
10%
Cloak Hide Shroud Veil
10%
Subordinate Byproduct Function Derivative
5%
Bulge Camel Hill Hump
5%
Logic Emblems Tags Logos
5%
Gala Festivity Banquet Shindig
5%
Bounce Fountain Vernal Spring
5%
Attempt Wallop Bash Whack
5%
No matching quizzes found
Score Distribution
Percent of People with Each Score
Percentile by Number Answered
Your Score History
You have not taken this quiz